Ballon d'Or Winners A-Z - Statistics

General Stats
  • This quiz has been taken 40 times
  • The average score is 11 of 19
Answer Stats
Letter Winner % Correct
M Josef Masopust - Lothar Matthäus - Stanley Matthews - Lionel Messi - Luka Modric - Gerd Müller
100%
R Rivaldo - Gianni Rivera - Rodri - Ronaldinho - Ronaldo - Paolo Rossi - Karl-Heinz Rummenigge
100%
B Roberto Baggio - Franz Beckenbauer - Igor Belanov - George Best - Oleg Blokhin - Karim Benzema
76%
C Fabio Cannavaro - Bobby Charlton - Cristiano Ronaldo - Johan Cruyff
74%
Z Zinedine Zidane
74%
K Kaká - Kevin Keegan - Raymond Kopa
71%
S Matthias Sammer - Andriy Shevchenko - Allan Simonsen - Omar Sivori - Hristo Stoichkov - Luis Suárez
65%
W George Weah
62%
Y Lev Yashin
62%
O Michael Owen
50%
D Alfredo Di Stéfano
47%
P Jean-Pierre Papin - Michel Platini
47%
N Pavel Nedvěd
44%
E Eusebio
41%
F Luis Figo
32%
V Marco Van Basten
29%
A Flórián Albert
26%
G Ruud Gullit
26%
L Denis Law
24%
No matching quizzes found
Score Distribution
Percent of People with Each Score
Percentile by Number Answered
Your Score History
You have not taken this quiz